| 000 | 01381nam a2200217Ia 4500 | ||
|---|---|---|---|
| 003 | Ost | ||
| 005 | 20260507075641.0 | ||
| 008 | 260507s9999||||xx |||||||||||||| ||und|| | ||
| 040 | _cfsecg | ||
| 041 | _aara | ||
| 082 | _a338.7 | ||
| 100 |
_aعبد الحميد، عبد المطلب _eمؤلف |
||
| 245 | 0 |
_aدراسات الجدوى الإقتصادية لإتخاذ القرارات الإستثمارية / _c عبد المطلب عبد الحميد |
|
| 260 |
_aالإسكندرية: _bالدار الجامعية, _c2002 |
||
| 300 |
_a441 صفحة؛ _bإيضاحات ؛ _c24 سم |
||
| 520 | _aالتعريف بدراسات الجدوى الإقتصادية- دراسات الجدوى الإقتصادية والصناعة القرارات الإستثمارية- أنواع دراسات الجدوى الإقتصادية والعلاقات الداخلية بينها- دراسة الجدوى البيئية للمشروع- دراسة الجدوى القانونية للمشروع- دراسة السوق والجدوى التسويقية- تقييم المشروعات من منظور الإقتصاد القومي- العناصر الأساسية لتقرير دراسات الجدوى الإقتصادية وتقييم المشروعات | ||
| 653 | _aاتخاذ القرار | ||
| 653 | _aالإستثمار | ||
| 653 | _aالمشروعات | ||
| 942 | _cكتاب | ||
| 999 |
_c45415 _d45415 |
||